<?xml version="1.0" encoding="UTF-8"?><?xml-stylesheet type="text/xsl" href="static/style.xsl"?><OAI-PMH xmlns="http://www.openarchives.org/OAI/2.0/" xmlns:xsi="http://www.w3.org/2001/XMLSchema-instance" xsi:schemaLocation="http://www.openarchives.org/OAI/2.0/ http://www.openarchives.org/OAI/2.0/OAI-PMH.xsd"><responseDate>2026-04-17T03:34:41Z</responseDate><request verb="GetRecord" identifier="oai:www.recercat.cat:2099.1/13625" metadataPrefix="marc">https://recercat.cat/oai/request</request><GetRecord><record><header><identifier>oai:recercat.cat:2099.1/13625</identifier><datestamp>2025-07-22T19:30:44Z</datestamp><setSpec>com_2072_1033</setSpec><setSpec>col_2072_452951</setSpec></header><metadata><record xmlns="http://www.loc.gov/MARC21/slim" xmlns:dcterms="http://purl.org/dc/terms/" xmlns:xsi="http://www.w3.org/2001/XMLSchema-instance" xmlns:doc="http://www.lyncode.com/xoai" xsi:schemaLocation="http://www.loc.gov/MARC21/slim http://www.loc.gov/standards/marcxml/schema/MARC21slim.xsd">
   <leader>00925njm 22002777a 4500</leader>
   <datafield ind2=" " ind1=" " tag="042">
      <subfield code="a">dc</subfield>
   </datafield>
   <datafield ind2=" " ind1=" " tag="720">
      <subfield code="a">Batlles Corominas, Nonna</subfield>
      <subfield code="e">author</subfield>
   </datafield>
   <datafield ind2=" " ind1=" " tag="260">
      <subfield code="c">2011-06</subfield>
   </datafield>
   <datafield ind2=" " ind1=" " tag="520">
      <subfield code="a">Un accèssit del COETTC "Luis Martín Morejón" 2012</subfield>
   </datafield>
   <datafield ind2=" " ind1=" " tag="520">
      <subfield code="a">El present projecte mostra l’evolució de l’abocador La Chureca des dels seus inicis fins a l’actualitat i l’evolució de la superfície de la làmina d’aigua del llac Xolotlán, durant un període de 23 anys (1987-2010).&#xd;
L’abocador La Chureca es troba a Managua, capital de Nicaragua, ubicat a l’extrem nord-occidental de la ciutat i a les ribes del llac Xolotlán. S’ha escollit realitzar l’estudi d’aquest abocador per les seves particularitats al situar-se a les ribes d’un llac, pel seu origen a finals de 1972 després de destinar-s’hi les runes d’un devastador terratrèmol, i que durant 36 anys no hi ha hagut cap mena de tractament dels residus dipositats. Degut a aquestes característiques en el creixement de l’abocador i a les modificacions de la línia de costa del llac, s’ha comprovat per una banda l’evolució de l’abocador i per l’altre l’evolució de la superfície de la làmina d’aigua del llac.&#xd;
La teledetecció és una tècnica que permet obtenir informació a distància dels objectes situats sobre la superfície terrestre. Aquesta tècnica és de gran utilitat pel plantejament i administració de l’ocupació ordenada i racional de l’espai. La interpretació d’imatges de satèl·lit permet obtenir de manera ràpida i multitemporal informacions de la superfície terrestre, per analitzar i interpretar diferents fenòmens com administració de recursos naturals, avaluació de desastres naturals, agricultura, control del medi ambient, localització i identificació de zones urbanes, etc. És important destacar que aquesta informació pot ser actualitzada periòdicament, i per zones d’estudi de grans àrees, les imatges de satèl·lit tenen una bona relació preu/àrea de cobriment, en comparació amb altres mètodes tals com vols fotogramètrics.&#xd;
Aprofitant una sèrie d’imatges antigues i actuals de la zona, dels satèl·lits Landsat, QuickBird i GeoEye, i una imatge d’un vol fotogramètric, i mitjançant una metodologia d’extracció de paràmetres físics per a la caracterització de la vegetació, del sòl i de l’aigua aplicada a les diferents imatges, s’ha obtingut el creixement de La Chureca i la modificació de la línia de costa a la zona de Managua. La modificació de la línia de costa és degut a l’efecte dels vents i el transport de sediments d’una riera, i de les fluctuacions del llac a nivell general degut a les contínues sequeres i inundacions que ha patit la làmina d’aigua, a causa dels continus fenòmens naturals que pateix la zona.</subfield>
   </datafield>
   <datafield ind2=" " ind1=" " tag="520">
      <subfield code="a">Award-winning</subfield>
   </datafield>
   <datafield tag="653" ind2=" " ind1=" ">
      <subfield code="a">Àrees temàtiques de la UPC::Edificació::Impacte ambiental</subfield>
   </datafield>
   <datafield tag="653" ind2=" " ind1=" ">
      <subfield code="a">Refuse and refuse disposal--Biodegradation</subfield>
   </datafield>
   <datafield tag="653" ind2=" " ind1=" ">
      <subfield code="a">Abocadors -- Aspectes ambientals</subfield>
   </datafield>
   <datafield ind2="0" ind1="0" tag="245">
      <subfield code="a">Estudi de l’evolució de l’abocador la Chureca a Managua (Nicaragua) des dels anys 50 fins a l’actualitat, amb imatges d’un vol fotogramètric i de satèl•lit d’alta resolució</subfield>
   </datafield>
</record></metadata></record></GetRecord></OAI-PMH>